Estudio comparado de las constituciones políticas nacionales latinoamericanas / (Registro nro. 14142)

Detalles MARC
000 -LEADER
fixed length control field 02355nam a2200277 a 4500
001 - CONTROL NUMBER
control field 000016115
003 - CONTROL NUMBER IDENTIFIER
control field DO-SdBNP
005 - DATE AND TIME OF LATEST TRANSACTION
control field 20220405130853.0
008 - FIXED-LENGTH DATA ELEMENTS--GENERAL INFORMATION
fixed length control field 100226s2002 dr 000 0 spa d
020 ## - INTERNATIONAL STANDARD BOOK NUMBER
Canceled/invalid ISBN
040 ## - CATALOGING SOURCE
Original cataloging agency DO-SdBNP
Language of cataloging spa
Transcribing agency BPMSU
082 ## - DEWEY DECIMAL CLASSIFICATION NUMBER
Classification number 342.98
Item number F224e 2002
Edition number 22
100 1# - MAIN ENTRY--PERSONAL NAME
Personal name Farías Campos, Félix,
Dates associated with a name 1959-
245 10 - TITLE STATEMENT
Title Estudio comparado de las constituciones políticas nacionales latinoamericanas /
Statement of responsibility, etc. Félix Farías Campos.
260 ## - PUBLICATION, DISTRIBUTION, ETC. (IMPRINT)
Place of publication, distribution, etc. Santo Domingo :
Name of publisher, distributor, etc. Unicaribe,
Date of publication, distribution, etc. 2002.
300 ## - PHYSICAL DESCRIPTION
Extent 815 p. ;
Dimensions 25 cm.
500 ## - GENERAL NOTE
General note Incluye datos biográficos del autor en la contraportada.
504 ## - BIBLIOGRAPHY, ETC. NOTE
Bibliography, etc Bibliografía: p. 208-212
505 ## - FORMATTED CONTENTS NOTE
Formatted contents note De la persona, la sociedad, el Estado y la nación 23 -- De la nacionalidad y la extranjería 27 -- De la educación y la cultura nacional 63 -- Del régimen económico 105 -- De la estructura del Estado y de las garantías constitucionales 141 -- De la reforma de la constitución 157 -- De las diferencias entre las constituciones 177 -- Conclusiones 205 -- ANEXOS -- Constitución de la nación de Argentina 215 -- Constitución política del Estado de Bolivia 229 -- Constitución de la República Federativa del Brasil 250 -- Constitución política de Chile 307 -- Constitución política de Colombia 349 -- Constitución política de la República de Costa Rica 397 -- Constitución de la República de Cuba 417 -- Constitución de la República Dominicana 433 -- Constitución política de la República del Ecuador 447 -- Constitución política de la República de El Salvador 467 -- Constitución política de la República de Guatemala 491 -- Constitución de Haití 521 -- Constitución de la República de Honduras 545 -- Constitución política de México 574 -- Constitución política de la República de Nicaragua 623 -- Constitución de la República de Panamá 637 -- Constitución de la República de Paraguay 667 -- Constitución de la República del Perú 701 -- Constitución del Estado Libre Asociado de Puerto Rico 723 -- Constitución de la República Oriental del Uruguay 737 -- Constitución política de Venezuela 775
590 ## - LOCAL NOTE (RLIN)
Local note Inventariado, 2022/VM
650 #4 - SUBJECT ADDED ENTRY--TOPICAL TERM
Topical term or geographic name as entry element Constituciones
Geographic subdivision América Latina
651 #4 - SUBJECT ADDED ENTRY--GEOGRAPHIC NAME
Geographic name América Latina
General subdivision Derecho constitucional
710 ## - ADDED ENTRY--CORPORATE NAME
Corporate name or jurisdiction name as entry element Universidad del Caribe (República Dominicana)
910 ## - USER-OPTION DATA (OCLC)
User-option data VMateo V.
942 ## - ADDED ENTRY ELEMENTS (KOHA)
Source of classification or shelving scheme Dewey Decimal Classification
Koha item type Libros
Existencias
Withdrawn status Lost status Source of classification or shelving scheme Damaged status Not for loan Collection code Home library Current library Date acquired Full call number Barcode Date last seen Price effective from Koha item type
    Dewey Decimal Classification     Colección Dominicana Biblioteca Pública Metropolitana Salomé Ureña Biblioteca Pública Metropolitana Salomé Ureña 04/05/2022 BPMSU CD 342.98 F224e 2002 BPMSU22040012 04/05/2022 04/05/2022 Libros